Lapassione Invincibile Storie d'amore infelici in virgilio

Shranjeno v:
Bibliografske podrobnosti
Glavni avtor: Michela Moriotti
Format: Knjiga
Jezik:neznan ali neveljaven jezik
Izdano: C.Signorelli Scuola
Oznake: Označite
Brez oznak, prvi označite!

MARC

LEADER 00000nam a2200000Ia 4500
001 R-1269
003 CODICE-MESSINA
005 20260212102505.0
008 260211s9999 xx 000 0 und d
040 |c importazione_messina 
100 |a Michela Moriotti 
245 0 |a Lapassione Invincibile  
245 0 |b Storie d'amore infelici in virgilio 
260 |b C.Signorelli Scuola 
942 |2 ddc  |c BK 
952 |0 0  |1 0  |2 ddc  |4 0  |6 SCAFFALE_12_000000000000000__ROMANZI  |7 0  |9 32102  |a ME  |b ME  |d 2026-02-11  |l 0  |o SCAFFALE 12 - ROMANZI  |p R-1269  |r 2026-02-11 23:52:58  |w 2026-02-11  |x [REVISIONARE]  |y BK 
999 |c 27769  |d 27769